000 00803nam a2200253Ia 4500
003 OSt
005 20220918171033.0
006 a|||||r|||| 00| 0
007 ta
008 220917b |||||||| |||| 00| 0 eng d
020 _a9781138098459 (hbk)
_cINR 995.00
024 _a325,804
037 _b1459, 18/01/2018, Bright Book Service
_cTextual
040 _aARTS
_cARTS
_beng
041 _2eng
_aeng
082 _az7, Q7
100 _aSingh Balmiki Prasad Au.
_933410
245 0 _a21st Century
_b geopolitics, democracy and peace
260 _aNew York
_bRoutledge USA
_c2017
300 _axvii,345p.
_ccm.
650 _aDEMOCRACY; GEOPOLITICS; PEACE
_933411
942 _hz7, Q7
_cTEXL
_2CC
999 _c137453
_d137453